| 000 | 00317nam a2200097Ia 4500 | ||
|---|---|---|---|
| 008 | 220204s9999 xx 000 0 und d | ||
| 082 |
_aNR:063RT2004 _bAIR |
||
| 245 | 0 | _aIndia rubber expo &tyre show-2013: Conference and workshop. Abstracts | |
| 260 |
_aMumbai _bAll India Rubber Industries Association _c2013 |
||
| 942 | _cBK | ||
| 999 |
_c44705 _d44705 |
||